فهـرس مكتبـة معهد التخطيـط Institute of National Planning Catalog

Handbook of industrial energy analysis / (رقم التسجيلة. 5715)

تفاصيل مارك
000 -الفاتح
حقل البيانات ثابتة الطول 00844nam a2200277 i 4500
003 - محدد رقم الضبط
رقم الضبط INP
005 - وقت وتاريخ اخر تعامل مع التسجيلة
رقم الضبط 20260622095826.0
008 - عناصر البيانات ثابتة الطول - معلومات عامة
حقل البيانات ثابتة الطول 790702s1979 enkaj||fr 001 0 eng d
020 ## - الرقم الدولى المعيارى للكتب
الرقم الدولى المعيارى للكتاب 0470264926
040 ## - مصدر الفهرسة
وكالة الفهرسة الأصلية EG-INP
وكالة النسخ EG-INP
لغة الفهرسة ara
082 04 - رقم تصنيف ديوى العشرى
رقم الطبعة 21
رقم التصنيف 658.26
رقم المادة i h
100 1# - المدخل الرئيسى - إسم شخصى
الإسم الشخصى .Boustead I.
245 10 - بيان العنوان
العنوان Handbook of industrial energy analysis /
بيان المسئولية I. Boustead, G. F. Hancock.
260 ## - بيانات النشر
مكان الناشر او الموزع Chichester, Eng. :
اسم الناشر او الموزع E. Horwood ;
مكان الناشر او الموزع New York :
اسم الناشر او الموزع Halsted Press,
تاريخ النشر أو التوزيع 1979.
300 ## - الوصف المادى
التعداد 422 p. :
تفاصيل ماديه اخرى للوعاء ill. ;
أبعاد الوعاء 24 cm.
500 ## - تبصرة عامة
تبصرة عامة Includes index.
504 ## - تبصرة ببليوجرافية
تبصرة ببليوجرافية,الخ Includes bibliographical references.
650 #0 - المدخل الاضافى بالموضوع-مصطلح موضوعى
مصطلح موضوعي كعنصر مدخل Power resources.
9 (RLIN) 2578
650 #0 - المدخل الاضافى بالموضوع-مصطلح موضوعى
مصطلح موضوعي كعنصر مدخل System analysis.
9 (RLIN) 3213
653 #0 - مصطلح تكشيفى غير مقيد
مصطلح غير مقيد energy analysis and factrories.
700 1# - المدخل الاضافى - اسم شخصى
الإسم الشخصى .Hancock, G. F,
الدور Co-Author.
901 ## - عنصر بيانات محلىA, LDA (RLIN)
كود المفهرس EGPV19
902 ## - عنصر بيانات محلىB, LDB (RLIN)
كود المراجع EGPV5
903 ## - original or copycat
a copycat
المقتنيات
حالة التراجع المكان المؤقت الموقع الحالى نوع وعاء كوها
  Library INP Library INP كتاب
  Library INP Library INP كتاب